1325 1320 1810 1250 1945 1978 1076 1379 1784 1704 1607 1066 1351 1292 1300 1010 1592 1951 1493 1737 1484 1312 1388 1848 1782 1387 1958 1630 1488 1805 1825 1413 1144 1819 1564 1075 1269 1609 1078 1829 1008 1249 1670 1275 1801 1947 1895 1042 1724 1678 1416 1336 1140 1342 1403 1079 1386 1378 1207 1214 1733 1633 1521 1667 1536 1532 1097 1638 1814 1457 1151 1629 1865 1594 1660 1080 1970 1021 1389 1734 1033 1878 1135 1369 1497 1166 1362 1185 1801 1298 1588 1855 1092 1047 1564 1407 1048 1729 1801 BCNSPRNW ULIB Ver.6.0+V

เปลี่ยนเป็นภาษาไทย

Change to English
 แสดงรายละเอียดบรรณานุกรม
  กลับหน้าหลัก

Brief Record : Get Marc (ISO 2709) : E-mail record : QR code < ปิดหน้าต่าง
LEADER : 00000nam 2200000uu 4500
001    13399123947
003     ULIB
008    120905s2556||||th 000 0 tha d
020    ^a9786161100704
060  4 ^aWM172^bพ186ก
100 0  ^aพจนา ปิยะกรณ์ชัย
245 10 ^aการตอบสนองของบุคคลต่อภาวะเครียด =^bHuman response to stress/^cพจนา ปิยะกรณ์ชัย
246 31 ^aHuman response to stress
250    พิมพ์ครั้งที่ 2
260    ^aนนทบุรี :^bโครงการสวัสดิการวิชาการ สถาบันพระบรมราชชนก,^c2556
300    ^a52 หน้า ;^c21 ซม.
650  4 ^aความเครียด
650  4 ^aสุขภาพจิต
710 2  ^aสถาบันพระบรมราชชนก. ^bโครงการสวัสดิการวิชาการ
945    ^p100^l0^i22753
945    ^p100^l0^i22754
945    ^p100^l0^i22755
995    ทศพร
999 ^a ใช้งานได้ทุกระบบ
รายการนี้ยังไม่มีแท็ก
คุณยังไม่ได้ล็อกอิน คุณสามารถมีกิจกรรมร่วมกับเว็บไซต์ได้ แต่ต้องล็อกอินก่อน ::
  ล็อกอิน

รายการสื่อสารสนเทศ

ลำดับที่ ประเภท เลขเรียก/บาร์โค้ด สถานที่ สถานะ
1. วิทยาศาสตร์การแพทย์ และสุขภาพ
วิทยาศาสตร์การแพทย์ และสุขภาพ
สถานะ=หนังสือเก่า
WM172 พ186ก ฉ.1 
  Barcode: 22753
ห้องสมุดวิทยาเขตนครสวรรค์
►ส่วนจัดเก็บหนังสือเก่า นว.
บนชั้น
  ขอยืม
2. วิทยาศาสตร์การแพทย์ และสุขภาพ
วิทยาศาสตร์การแพทย์ และสุขภาพ
สถานะ=หนังสือเก่า
WM172 พ186ก ฉ.2 
  Barcode: 22754
ห้องสมุดวิทยาเขตนครสวรรค์
►ส่วนจัดเก็บหนังสือเก่า นว.
บนชั้น
  ขอยืม
3. วิทยาศาสตร์การแพทย์ และสุขภาพ
วิทยาศาสตร์การแพทย์ และสุขภาพ
สถานะ=หนังสือเก่า
WM172 พ186ก ฉ.3 
  Barcode: 22755
ห้องสมุดวิทยาเขตนครสวรรค์
►ส่วนจัดเก็บหนังสือเก่า นว.
บนชั้น
  ขอยืม

รายการใกล้เคียง
    ผู้แต่ง [พจนา ปิยะกรณ์ชัย]

    หัวเรื่อง [ความเครียด]
    หัวเรื่อง [สุขภาพจิต]

BibComment


ยังไม่เคยถูกคอมเมนท์

คอมเมนท์ทรัพยากรรายการนี้
  คอมเมนท์: การตอบสนองของบุค..


 Copyright 2026. Bcnsprnw @Library